000 00377nam a22001577a 4500
003 MPLRDC
005 20220104125104.0
008 210129b ||||| |||| 00| 0 eng d
082 _a857.9 GL-65 v.1
100 _a古龙
245 _a铁胆柔情. 上
_c
260 _a
_b桂冠图书有限公司
_c
300 _b
650 _a武侠小说
942 _cBK
_o857.9 GL-65 v.1
999 _c24556
_d24546